[Event "Lueneburg distr-ch Vormeisterturnier"]
[Site "Buchholz in der Nordheide"]
[Date "2007.10.29"]
[Round "3.8"]
[White "Kuberczyk, Christoph"]
[Black "Reichel, Felix"]
[Result "1-0"]
[WhiteElo "1666"]
[BlackElo "1612"]
[PlyCount "65"]
[EventDate "2007.10.27"]
[EventType "swiss"]
[EventRounds "9"]
[EventCountry "GER"]
[SourceTitle "EXT 2015"]
[Source "ChessBase"]
[SourceDate "2014.11.20"]
[SourceVersion "1"]
[SourceVersionDate "2014.11.20"]
[SourceQuality "1"]

1. d4 d5 2. c4 e6 3. Nc3 Nf6 4. Bg5 Be7 5. e3 c6 6. Nf3 0-0 7. Qc2 Nbd7 8. Bd3 Re8 9. 0-0 Nf8 10. Rfd1 h6 11. Bh4 Nh5 12. Bxe7 Qxe7 13. Rac1 Nf6 14. Qe2 N8d7 15. e4 Nb6 16. b3 a5 17. e5 Nh7 18. Bb1 Ng5 19. Nxg5 Qxg5 20. Qc2 g6 21. Rd3 Qe7 22. Rh3 Kg7 23. Ne2 Rh8 24. Nf4 Kf8 25. c5 Nd7 26. Nxg6+ fxg6 27. Qxg6 Qg5 28. Qxg5 hxg5 29. Rxh8+ Kg7 30. Rh7+ Kg8 31. Rh5 Nf8 32. Rxg5+ Kf7 33. h4 1-0